All Pokémon Abilities Quiz - Statistics

General Stats
  • This quiz has been taken 670 times
    622 since last reset
  • The average score is 178 of 310
Answer Stats
Gen Ability % Correct
III Intimidate
93%
III Blaze
91%
III Drought
91%
III Drizzle
90%
III Levitate
90%
III Overgrow
90%
III Pressure
88%
III Torrent
88%
III Flame Body
86%
IV Snow Warning
86%
III Sturdy
86%
III Speed Boost
85%
III Static
85%
III Chlorophyll
84%
III Sand Stream
84%
III Water Absorb
84%
V Prankster
83%
III Swift Swim
83%
V Moxie
81%
III Guts
79%
III Huge Power
79%
III Truant
79%
III Volt Absorb
79%
III Lightning Rod
78%
III Poison Point
78%
VI Protean
78%
VII Beast Boost
77%
VII Electric Surge
77%
III Flash Fire
77%
VII Grassy Surge
77%
IV Iron Fist
77%
VI Pixilate
77%
III Rock Head
77%
III Swarm
77%
III Cute Charm
76%
IV Mold Breaker
76%
VII Psychic Surge
76%
III Sand Veil
76%
IV Slow Start
76%
VI Strong Jaw
76%
VII Misty Surge
75%
V Sand Rush
75%
III Soundproof
75%
III Wonder Guard
75%
III Clear Body
74%
III Insomnia
74%
III Rough Skin
74%
IV Technician
74%
III Thick Fat
74%
III Compound Eyes
73%
III Pickup
73%
V Regenerator
73%
III Shadow Tag
73%
III Shell Armor
73%
III Air Lock
72%
V Cursed Body
72%
IV Sniper
72%
IV Adaptability
71%
III Arena Trap
71%
III Inner Focus
71%
IV No Guard
71%
V Poison Touch
71%
IV Snow Cloak
71%
IV Solar Power
71%
V Contrary
70%
IV Unaware
70%
VI Dark Aura
69%
VI Fairy Aura
69%
V Magic Bounce
69%
III Synchronize
69%
III Cloud Nine
68%
V Defiant
68%
VII Emergency Exit
68%
IV Ice Body
68%
III Oblivious
68%
III Pure Power
68%
V Sap Sipper
68%
III Serene Grace
68%
VI Tough Claws
68%
VI Bulletproof
67%
VI Competitive
67%
III Damp
67%
VII Disguise
67%
IV Dry Skin
67%
V Justified
67%
VIII Libero
67%
IX Protosynthesis
67%
III Run Away
67%
VII Slush Rush
67%
IV Storm Drain
67%
V Heavy Metal
66%
V Multiscale
66%
V Mummy
66%
III Plus
66%
III Shed Skin
66%
V Sheer Force
66%
VI Aerilate
65%
IV Gluttony
65%
V Imposter
65%
III Minus
65%
VII Stamina
65%
V Unnerve
65%
VIII As One
64%
VI Delta Stream
64%
III Keen Eye
64%
V Light Metal
64%
III Rain Dish
64%
IX Sharpness
64%
III Trace
64%
III Effect Spore
63%
III Limber
63%
IV Magic Guard
63%
IV Poison Heal
63%
V Defeatist
62%
VI Desolate Land
62%
IV Multitype
62%
IV Reckless
62%
VIII Dauntless Shield
61%
VII Fluffy
61%
VII Liquid Voice
61%
III Own Tempo
61%
VII Queenly Majesty
61%
IV Simple
61%
III Vital Spirit
61%
V Weak Armor
61%
IV Download
60%
III Hustle
60%
VIII Intrepid Sword
60%
VI Magician
60%
III Magnet Pull
60%
V Moody
60%
VI Parental Bond
60%
IV Scrappy
60%
IX Good as Gold
59%
V Iron Barbs
59%
IV Leaf Guard
59%
IX Quark Drive
59%
VI Aura Break
58%
IV Bad Dreams
58%
III Battle Armor
58%
V Big Pecks
58%
III Color Change
58%
VII Comatose
58%
V Healer
58%
VII Innards Out
58%
IV Normalize
58%
VI Primordial Sea
58%
IV Skill Link
58%
III Sticky Hold
58%
IV Anticipation
57%
VII Dancer
57%
VIII Ice Face
57%
V Illusion
57%
VII Long Reach
57%
V Sand Force
57%
IV Aftermath
56%
VII Corrosion
56%
IV Frisk
56%
V Infiltrator
56%
VII RKS System
56%
VI Stance Change
56%
IV Super Luck
56%
IX Toxic Chain
56%
IV Unburden
56%
VIII Unseen Fist
56%
VI Aroma Veil
55%
VIII Chilling Neigh
55%
IX Earth Eater
55%
IX Hadron Engine
55%
IV Heatproof
55%
IV Klutz
55%
III Natural Cure
55%
VI Refrigerate
55%
IV Rivalry
55%
V Telepathy
55%
IV Anger Point
54%
IX Beads of Ruin
54%
IV Filter
54%
V Friend Guard
54%
III Illuminate
54%
III Immunity
54%
VI Mega Launcher
54%
IX Orichalcum Pulse
54%
IV Steadfast
54%
V Teravolt
54%
V Turboblaze
54%
VII Water Bubble
54%
VII Wimp Out
54%
VI Cheek Pouch
53%
VI Gale Wings
53%
VI Gooey
53%
VIII Grim Neigh
53%
V Harvest
53%
IX Sword of Ruin
53%
V Toxic Boost
53%
IX Zero to Hero
53%
VIII Dragon's Maw
52%
VII Galvanize
52%
III Marvel Scale
52%
VII Shadow Shield
52%
III Stench
52%
IV Tangled Feet
52%
IV Tinted Lens
52%
V Analytic
51%
IX Commander
51%
III Forecast
51%
VII Full Metal Body
51%
IV Hydration
51%
VIII Neutralizing Gas
51%
IX Supreme Overlord
51%
IX Tablets of Ruin
51%
IX Toxic Debris
51%
III Early Bird
50%
IV Forewarn
50%
VIII Ice Scales
50%
III Magma Armor
50%
V Pickpocket
50%
IV Quick Feet
50%
VII Steelworker
50%
IX Wind Rider
50%
VII Dazzling
49%
IV Stall
49%
IX Well-Baked Body
49%
IX Armor Tail
48%
V Flare Boost
48%
VI Flower Veil
48%
VI Fur Coat
48%
III Hyper Cutter
48%
IV Motor Drive
48%
IX Poison Puppeteer
48%
VIII Punk Rock
48%
VII Berserk
47%
VIII Gorilla Tactics
47%
III Shield Dust
47%
V Rattled
46%
IV Solid Rock
46%
VIII Steam Engine
46%
IX Vessel of Ruin
46%
VIII Wandering Spirit
45%
VII Battle Bond
44%
III Liquid Ooze
44%
V Overcoat
44%
IX Rocky Payload
44%
VII Schooling
44%
III Water Veil
44%
V Zen Mode
44%
VII Merciless
43%
VII Power of Alchemy
43%
VIII Stalwart
43%
III Suction Cups
43%
VIII Ball Fetch
42%
IV Honey Gather
42%
VIII Hunger Switch
42%
VIII Perish Body
42%
VII Power Construct
42%
IX Purifying Salt
42%
VIII Sand Spit
42%
VII Shields Down
42%
VII Soul-Heart
42%
VII Stakeout
42%
VIII Transistor
42%
VII Triage
42%
VII Water Compaction
42%
IX Mind's Eye
41%
IX Seed Sower
41%
IX Tera Shell
41%
IX Mycelium Might
40%
VIII Power Spot
40%
VII Tangling Hair
40%
IX Wind Power
40%
IX Embody Aspect
39%
VII Prism Armor
39%
VIII Screen Cleaner
39%
V Victory Star
39%
IX Anger Shell
38%
IV Flower Gift
38%
VIII Mirror Armor
38%
VIII Steely Spirit
38%
VII Surge Surfer
38%
IX Tera Shift
38%
IX Thermal Exchange
38%
VII Neuroforce
37%
VIII Quick Draw
37%
VI Sweet Veil
37%
V Wonder Skin
37%
IX Costar
36%
IX Guard Dog
35%
IX Cud Chew
34%
IX Hospitality
34%
VII Receiver
34%
IX Supersweet Syrup
34%
III White Smoke
34%
VII Battery
33%
IX Electromorphosis
33%
IX Teraform Zero
33%
VI Grass Pelt
32%
VIII Gulp Missile
32%
VIII Cotton Down
31%
IX Lingering Aroma
31%
VIII Pastel Veil
31%
IX Opportunist
30%
VIII Curious Medicine
29%
VIII Propeller Tail
29%
VIII Mimicry
28%
VIII Ripen
25%
VI Symbiosis
25%
No matching quizzes found
Score Distribution
Percent of People with Each Score
Percentile by Number Answered
Your Score History
You have not taken this quiz since the last reset